| 000 | 00429nam a2200181Ia 4500 | ||
|---|---|---|---|
| 005 | 20251020182617.0 | ||
| 008 | 200515s9999 xx 000 0 und d | ||
| 082 | _aSC/694.5/P45/I | ||
| 110 | _aMinisterio de Educación | ||
| 245 | 0 | _aManual de Carpintería | |
| 260 | _aLima | ||
| 260 | _c1978 | ||
| 300 | _as.n. | ||
| 520 | _aManual de carpintería básica | ||
| 650 | _aCARPINTERIA | ||
| 650 | _aMANUALES | ||
| 942 | _cLIB | ||
| 999 |
_c3528 _d3528 |
||